Statistics for Batman: Arkham Knight Charcters.

Click here to take the quiz!

General Stats

  • This quiz has been taken 687 times
  • The average score is 6 of 15

Answer Stats

HintAnswer% Correct
Batman
99%
Robin
76%
Nightwing
57%
Oracle
57%
Alfred
56%
Catwoman
45%
Two-Face
34%
James Gordon
24%
The Joker
24%
Azrael
22%
Deathstroke
21%
Aaron Cash
18%
The Penguin
18%
The Arkham Knight
17%
Professor Pyg
15%

Score Distribution

Percentile by Number Answered

Percent of People with Each Score

Your Score History

You have not taken this quiz